| 000 | 01245nam a2200265Ia 4500 | ||
|---|---|---|---|
| 003 | OSt | ||
| 005 | 20260123083817.0 | ||
| 007 | ca aa aaaaa | ||
| 008 | 201103s9999 xx 000 0 und d | ||
| 040 | _cSSBUL | ||
| 041 | _abur | ||
| 082 |
_a၉၅၉.၁ _223 _bသန်း |
||
| 100 |
_a သန်းထွန်း၊ ဒေါက်တာ _911525 |
||
| 245 | 1 | 0 |
_aခေတ်ဟောင်းမြန်မာရာဇဝင် / _bဒေါက်တာသန်းထွန်း။ |
| 250 | _aတတိယအကြိမ်။ | ||
| 260 |
_aရန်ကုန် ၊ _bစိတ်ကူးချိုချိုစာပေ၊ _c၂၀၁၇။ |
||
| 264 |
_aရန်ကုန် ၊ Edition: ၃ ကြိမ်။ _b လင်းလင်းစာပေ၊ _c၂၀၀၂။ |
||
| 300 |
_aဂဲ၊ ၂၈၀ စာမျက်နှာ ၊ _bပုံများ ၊ _c၂၆ စင်တီ။ |
||
| 300 |
_a၉၅ စာမျက်နှာ ၊ _bရုပ်ပုံများ၊ မြေပုံများ ၊ _c၂၄ စင်တီ။ |
||
| 500 | _aS-SAT: Dr. Prof Sai Aung Tun | ||
| 650 |
_aမြန်မာ့သမိုင်း _931749 |
||
| 942 |
_cBK _2ddc |
||
| 942 |
_2ddc _cBK |
||
| 942 | _2ddc | ||
| 999 |
_c17583 _d17583 |
||